Countries with American military bases - Statistics

General Stats
  • This quiz has been taken 99 times
  • The average score is 20 of 34
Answer Stats
Continent Country % Correct
Europe Germany
91%
Europe United Kingdom
91%
Asia Japan
86%
Europe Spain
86%
Europe Italy
84%
Asia South Korea
82%
Oceania Australia
79%
Asia/ Europe Turkey
79%
Europe Portugal
67%
Europe Belgium
66%
Europe Norway
66%
Europe Greece
64%
Asia Israel
64%
Asia Afghanistan
63%
Asia Saudi Arabia
62%
South America Brazil
61%
Europe Denmark
61%
North America Cuba
59%
Asia Kuwait
57%
Europe the Netherlands
57%
Asia the Philippines
57%
Asia United Arab Emirates
51%
Asia Qatar
49%
Asia Syria
46%
Asia Bahrain
45%
Asia Oman
45%
Europe Iceland
43%
Africa Niger
43%
Africa Djibouti
42%
Europe Bulgaria
36%
Asia Singapore
33%
North America Honduras
26%
Europe Kosovo
25%
Africa Tunisia
21%
No matching quizzes found
Score Distribution
Percent of People with Each Score
Percentile by Number Answered
Your Score History
You have not taken this quiz